[Event "ICS rated blitz match, 208.196"]
[Site "ICS rated blitz match, 208.19"]
[Date "1997.??.??"]
[Round "?"]
[White "Brause"]
[Black "mameli"]
[Result "1-0"]
[WhiteElo "2705"]
[BlackElo "2185"]
[PlyCount "55"]

1. e4 e6 2. d4 d5 3. c4 Nf6 4. Nc3 Bb4 5. cxd5 exd5 6. Qa4+ Nc6
7. e5 Ne4 8. Bb5 Bxc3+ 9. bxc3 O-O 10. Bxc6 bxc6 11. Qxc6 Rb8 12. Nf3 Rb6
13. Qa4 Ba6 14. Ba3 Re8 15. Bb4 f6 16. Rd1 Qc8 17. Rc1 Bb5 18. Qb3 c6
19. Qd1 Qg4 20. g3 Qh3 21. Rg1 Qg4 22. Nd2 Qf5 23. Qf3 Qg6 24. Nxe4 dxe4
25. Qd1 fxe5 26. Bc5 Rbb8 27. c4 Qh6 28. cxb5 1-0

[Event "ICS rated blitz match, 208.196"]
[Site "ICS rated blitz match, 208.19"]
[Date "1997.??.??"]
[Round "?"]
[White "Brause"]
[Black "chessdawg"]
[Result "1-0"]
[WhiteElo "2710"]
[BlackElo "2135"]
[PlyCount "57"]

1. e4 e6 2. d4 d5 3. c4 dxe4 4. Nc3 f5 5. Be2 Nf6 6. Be3 c6 7. Nh3 Bd6
8. Bh5+ Nxh5 9. Qxh5+ g6 10. Qe2 Bd7 11. c5 Be7 12. Qc4 Na6 13. O-O Nc7
14. Qb3 Rb8 15. Rad1 Nd5 16. Nxd5 exd5 17. Bf4 O-O 18. Bxb8 Qxb8
19. Rfe1 f4 20. Rxe4 Bd8 21. Kh1 f3 22. Ng1 fxg2+ 23. Kxg2 Qc8
24. Re3 Bf5 25. Nf3 Kh8 26. Kg1 Be4 27. Ne5 Bc7 28. Rd2 Qg4+ 29. Nxg4 1-0

[Event "ICS rated blitz match, 208.196"]
[Site "ICS rated blitz match, 208.19"]
[Date "1997.??.??"]
[Round "?"]
[White "Brause"]
[Black "chessdawg"]
[Result "1-0"]
[WhiteElo "2695"]
[BlackElo "2145"]
[PlyCount "59"]

1. e4 e6 2. d4 d5 3. c4 dxe4 4. Nc3 f5 5. Be2 Nf6 6. Nh3 c6 7. O-O Bd6
8. Bh5+ Nxh5 9. Qxh5+ g6 10. Qd1 Bd7 11. c5 Be7 12. Bh6 Bf6 13. Qd2 Na6
14. Rad1 Nc7 15. Ne2 Nd5 16. f3 e3 17. Bxe3 Nxe3 18. Qxe3 O-O 19. Rfe1 Qc7
20. Nef4 Rae8 21. Qb3 Qc8 22. Re2 Kh8 23. Qa4 a6 24. Rde1 Re7 25. Qc4 Rfe8
26. Nd3 Qc7 27. Nhf4 e5 28. dxe5 Bxe5 29. Nxe5 Rxe5 30. Qd4 1-0

[Event "ICS rated blitz match, 208.196"]
[Site "ICS rated blitz match, 208.19"]
[Date "1997.??.??"]
[Round "?"]
[White "Brause"]
[Black "chessdawg"]
[Result "1-0"]
[WhiteElo "2665"]
[BlackElo "2175"]
[PlyCount "39"]

1. e4 e6 2. d4 d5 3. c4 dxe4 4. Nc3 f5 5. Be2 Nf6 6. Nh3 c6 7. O-O Be7
8. Bh5+ Nxh5 9. Qxh5+ g6 10. Qd1 Bd7 11. Bh6 Bf6 12. Qd2 Na6 13. f3 exf3
14. Rxf3 Qe7 15. Re1 O-O-O 16. Bg5 Bxg5 17. Qxg5 Qxg5 18. Nxg5 Rde8
19. Nf7 Rhf8 20. Nd6+ 1-0

[Event "ICS rated blitz match, 208.196"]
[Site "ICS rated blitz match, 208.19"]
[Date "1997.??.??"]
[Round "?"]
[White "Brause"]
[Black "chessdawg"]
[Result "1-0"]
[WhiteElo "2635"]
[BlackElo "2205"]
[PlyCount "43"]

1. e4 e6 2. d4 d5 3. c4 dxe4 4. Nc3 f5 5. f3 exf3 6. Nxf3 Nf6 7. Be2 c6
8. O-O Bd6 9. c5 Be7 10. Bf4 O-O 11. Qa4 Nd5 12. Bxb8 Rxb8 13. Qxa7 Bd7
14. Qa4 g5 15. Bd3 g4 16. Ne5 Bg5 17. Kh1 h5 18. Nxd5 exd5 19. Qc2 f4
20. Bh7+ Kg7 21. Qg6+ Kh8 22. Qxh5 1-0

[Event "ICS rated blitz match, 208.196"]
[Site "ICS rated blitz match, 208.19"]
[Date "1997.??.??"]
[Round "?"]
[White "Brause"]
[Black "DeepNotion"]
[Result "1-0"]
[WhiteElo "2665"]
[BlackElo "1940"]
[PlyCount "35"]

1. e4 e6 2. d4 d5 3. c4 dxe4 4. Nc3 Nf6 5. f3 exf3 6. Nxf3 Be7
7. Bd3 O-O 8. O-O c5 9. d5 exd5 10. cxd5 Bg4 11. Qb3 Bxf3 12. Rxf3 b6
13. Bg5 h6 14. Bd2 Nbd7 15. Bf4 a6 16. d6 Bxd6 17. Bxd6 Re8 18. Bc4 1-0

[Event "ICS rated blitz match, 164.58."]
[Site "ICS rated blitz match, 164.58"]
[Date "1997.??.??"]
[Round "?"]
[White "Brause"]
[Black "nemsawi"]
[Result "1-0"]
[WhiteElo "2345"]
[BlackElo "2875"]
[PlyCount "37"]

1. e4 e6 2. d4 d5 3. c4 c6 4. cxd5 cxd5 5. e5 Nc6 6. Nf3 Qb6 7. Nc3 Nge7
8. Na4 Qc7 9. Bd3 Bd7 10. O-O Ng6 11. Bg5 Be7 12. Rc1 O-O 13. Bxg6 fxg6
14. Bxe7 Rf7 15. Bd6 Qd8 16. Nc5 Qb6 17. Ng5 Rf5 18. Nxd7 Qxb2
19. Nxe6 1-0

[Event "ICS rated blitz match, 164.58."]
[Site "ICS rated blitz match, 164.58"]
[Date "1997.??.??"]
[Round "?"]
[White "Brause"]
[Black "negado"]
[Result "1-0"]
[WhiteElo "2350"]
[BlackElo "1680"]
[PlyCount "35"]

1. e4 e6 2. d4 d5 3. c4 c6 4. Nc3 dxe4 5. f3 exf3 6. Nxf3 Nf6 7. Bd3 Bb4
8. a3 Bxc3+ 9. bxc3 Nbd7 10. Bf4 O-O 11. O-O c5 12. Qb3 cxd4 13. cxd4 b6
14. Bd6 Re8 15. Rae1 Bb7 16. Qb5 Qc8 17. Ne5 Qc6 18. Nxc6 1-0

[Event "ICS rated lightning match, 131"]
[Site "ICS rated lightning match, 13"]
[Date "1997.??.??"]
[Round "?"]
[White "Brause"]
[Black "PowA"]
[Result "1-0"]
[WhiteElo "2155"]
[BlackElo "1920"]
[PlyCount "71"]

1. e4 e6 2. d4 d5 3. c4 dxe4 4. Nc3 Bb4 5. Qa4+ Nc6 6. Be3 Nf6
7. Qc2 Nxd4 8. Bxd4 Qxd4 9. Qa4+ Bd7 10. Qxb4 O-O-O 11. Rd1 Qe5
12. Nh3 Kb8 13. Be2 c5 14. Qa5 b6 15. Qa3 e3 16. O-O Kb7 17. Bf3+ Kb8
18. Rfe1 exf2+ 19. Nxf2 Qf4 20. Nb5 Bxb5 21. cxb5 c4 22. Bc6 g6
23. Qe7 Qc7 24. Qxf6 h6 25. Rc1 a6 26. Rxc4 a5 27. Rec1 h5 28. Be8 Qd6
29. Qxh8 f6 30. Ne4 Qf4 31. Rc8+ Rxc8 32. Rxc8+ Kxc8 33. Bc6+ Kc7
34. Qh7+ Kc8 35. Qb7+ Kd8 36. Qd7+ 1-0

[Event "ICS rated blitz match, 208.196"]
[Site "ICS rated blitz match, 208.19"]
[Date "1997.??.??"]
[Round "?"]
[White "Brause"]
[Black "imbecile"]
[Result "1-0"]
[WhiteElo "2630"]
[BlackElo "2020"]
[PlyCount "23"]

1. e4 e6 2. d4 d5 3. c4 dxe4 4. Nc3 c5 5. d5 exd5 6. cxd5 Bf5 7. Nxe4 Bxe4
8. Qa4+ Qd7 9. Qxe4+ Be7 10. d6 Qxd6 11. Qxb7 Qc6 12. Bb5 1-0

[Event "ICS rated blitz match, 208.196"]
[Site "ICS rated blitz match, 208.19"]
[Date "1997.??.??"]
[Round "?"]
[White "Brause"]
[Black "imbecile"]
[Result "1-0"]
[WhiteElo "2630"]
[BlackElo "2020"]
[PlyCount "69"]

1. e4 e6 2. d4 d5 3. c4 dxe4 4. Nc3 Bb4 5. Qb3 Bxc3+ 6. Qxc3 Nc6
7. d5 exd5 8. Qxg7 Qf6 9. Qxf6 Nxf6 10. Bg5 Ng4 11. cxd5 Nb4 12. Rc1 Nxd5
13. Bc4 c6 14. Ne2 Rg8 15. Bd2 e3 16. fxe3 Ngxe3 17. Bxd5 Nxd5
18. O-O Bh3 19. Ng3 Be6 20. Ba5 b6 21. Bd2 Kd7 22. Rc4 Rg6 23. Rh4 Rh8
24. Ra4 a5 25. Rd4 Kc7 26. Rf3 Rhg8 27. a3 f5 28. Rdd3 Kb7 29. Rf2 Nf6
30. Rd4 c5 31. Rdf4 Ng4 32. Re2 Bd5 33. Rxf5 Nxh2 34. Kxh2 Rxg3
35. Rxd5 1-0

[Event "ICS rated blitz match, 208.196"]
[Site "ICS rated blitz match, 208.19"]
[Date "1997.??.??"]
[Round "?"]
[White "Brause"]
[Black "KnightC"]
[Result "0-1"]
[WhiteElo "2600"]
[BlackElo "2370"]
[PlyCount "204"]

1. e4 e6 2. d4 d5 3. c4 dxe4 4. Nc3 Bb4 5. Qa4+ Nc6 6. Be3 Bxc3+
7. bxc3 Nf6 8. Be2 O-O 9. Rd1 Bd7 10. Qb3 b6 11. Bf4 Rc8 12. Nh3 Qe8
13. Bg5 e5 14. Ng1 Na5 15. Qb2 Ba4 16. Rc1 Qe6 17. Nh3 Nxc4 18. Qb4 b5
19. Bxc4 Qxc4 20. Qxc4 bxc4 21. dxe5 Nd7 22. e6 fxe6 23. O-O h6
24. Be3 g5 25. Rfe1 c5 26. Bd2 Bc6 27. Be3 Rf5 28. Kf1 Nf6 29. Bd2 Ng4
30. Kg1 Ne5 31. Rcd1 g4 32. Nf4 Nd3 33. Nxd3 cxd3 34. Bxh6 Kh7
35. Be3 Kg6 36. Rd2 a6 37. Rb1 Bb5 38. h4 gxh3 39. gxh3 c4 40. Kh2 Kf6
41. Re1 Ke5 42. h4 Ba4 43. Rg1 Rcf8 44. Bc5 R8f7 45. Rg5 Kd5 46. Be3 Rb7
47. Kg3 Rb1 48. Rxf5+ exf5 49. Kf4 Rh1 50. Kg5 Ke6 51. Rb2 Rg1+
52. Kh6 Bb5 53. h5 Rg2 54. a4 Bxa4 55. Rb6+ Kd5 56. Rxa6 Bc6 57. Ra2 Ke6
58. Kh7 Bd5 59. Ra6+ Ke5 60. Bd4+ Kf4 61. Be3+ Kf3 62. Rf6 Ke2
63. Rb6 Bf7 64. h6 f4 65. Bxf4 Rg4 66. Rb2+ Ke1 67. Be3 Bg8+ 68. Kh8 Rg2
69. h7 Be6 70. Ra2 Bh3 71. Rb2 Rg6 72. Rd2 Bd7 73. Ra2 Be6 74. Bc1 Rg1
75. Rb2 Kf1 76. Be3 Rg6 77. Rd2 Ke1 78. f4 exf3 79. Rb2 Bd5 80. Bd2+ Kd1
81. Bf4 Rg4 82. Be3 Be4 83. Rd2+ Ke1 84. Rh2 Rg2 85. Rh4 Ba8 86. Rxc4 d2
87. Bxd2+ Kxd2 88. Rf4 Ke3 89. Rf6 f2 90. Rxf2 Kxf2 91. c4 Ke3
92. c5 Be4 93. c6 Rh2 94. Kg7 Rxh7+ 95. Kf6 Kd4 96. c7 Rxc7 97. Ke6 Rc6+
98. Ke7 Ke5 99. Ke8 Kf6 100. Kd7 Kf7 101. Kd8 Ke6 102. Ke8 Rc8+
0-1

[Event "ICS rated blitz match, 208.196"]
[Site "ICS rated blitz match, 208.19"]
[Date "1997.??.??"]
[Round "?"]
[White "Brause"]
[Black "PEACE-WARRIOR"]
[Result "1-0"]
[WhiteElo "2500"]
[BlackElo "1910"]
[PlyCount "27"]

1. e4 e6 2. d4 d5 3. c4 dxe4 4. Nc3 c5 5. d5 Nf6 6. Be2 e5 7. Bg5 Qa5
8. Qd2 e3 9. Qxe3 Nbd7 10. Nf3 Bd6 11. Bxf6 gxf6 12. O-O O-O 13. Qh6 Qd8
14. Bd3 1-0

[Event "ICS rated blitz match, 208.196"]
[Site "ICS rated blitz match, 208.19"]
[Date "1997.??.??"]
[Round "?"]
[White "Brause"]
[Black "Nimzovik"]
[Result "1-0"]
[WhiteElo "2530"]
[BlackElo "1985"]
[PlyCount "21"]

1. e4 e6 2. d4 d5 3. c4 Nc6 4. exd5 exd5 5. Nc3 Be6 6. cxd5 Bxd5
7. Nge2 Nge7 8. Nf4 g6 9. Qe2 Nxd4 10. Ncxd5 Nxe2 11. Nf6+ 1-0

[Event "ICS Rated blitz match, 208.196"]
[Site "ICS Rated blitz match, 208.19"]
[Date "1997.??.??"]
[Round "?"]
[White "Brause"]
[Black "DABA"]
[Result "1-0"]
[WhiteElo "2540"]
[BlackElo "2200"]
[PlyCount "67"]

1. e4 e6 2. d4 d5 3. c4 dxe4 4. Nc3 Nf6 5. f3 Bb4 6. Qa4+ Nc6 7. Be3 O-O
8. O-O-O Bxc3 9. bxc3 Bd7 10. Qc2 exf3 11. Nxf3 Qe7 12. Qb2 e5
13. d5 Na5 14. Qb4 Qxb4 15. cxb4 e4 16. Ne1 Ba4 17. Nc2 Ng4 18. Bc5 Rfe8
19. bxa5 e3 20. Re1 Bxc2 21. Kxc2 b6 22. Bb4 Rab8 23. Be2 Nf2 24. Rhf1 bxa5
25. Bc5 Rb7 26. Bf3 Reb8 27. Bxe3 Rb2+ 28. Kc3 Rxa2 29. Rxf2 Ra3+
30. Kd4 a4 31. Bf4 h6 32. Bxc7 Rbb3 33. Re8+ Kh7 34. Be4+ 1-0

[Event "ICS rated blitz match, 208.196"]
[Site "ICS rated blitz match, 208.19"]
[Date "1997.??.??"]
[Round "?"]
[White "Brause"]
[Black "KnightC"]
[Result "0-1"]
[WhiteElo "2535"]
[BlackElo "2465"]
[PlyCount "80"]

1. e4 e6 2. d4 d5 3. c4 dxe4 4. Nc3 Bb4 5. Qb3 Nc6 6. Be3 Nf6 7. Be2 O-O
8. O-O-O Qd6 9. Nh3 Bxc3 10. Qxc3 e5 11. dxe5 Qxe5 12. Qxe5 Nxe5
13. Nf4 Bg4 14. Bxg4 Nfxg4 15. Bc5 Rfe8 16. h3 Nh6 17. b3 g5 18. Nd5 Nd3+
19. Rxd3 exd3 20. Nf6+ Kg7 21. Nxe8+ Rxe8 22. Rd1 Nf5 23. Rxd3 Re1+
24. Kd2 Ra1 25. a3 Ra2+ 26. Kc3 b6 27. Rd5 Kg6 28. g4 Ng7 29. Be3 Ne6
30. a4 Ra1 31. c5 Rh1 32. cxb6 axb6 33. b4 Rxh3 34. a5 Nf4 35. Re5 f6
36. a6 fxe5 37. a7 Nd5+ 38. Kc4 Nxe3+ 39. fxe3 Rh4 40. a8=Q Rxg4+
0-1

[Event "ICS rated blitz match, 208.196"]
[Site "ICS rated blitz match, 208.19"]
[Date "1997.??.??"]
[Round "?"]
[White "Brause"]
[Black "KnightC"]
[Result "1-0"]
[WhiteElo "2515"]
[BlackElo "2485"]
[PlyCount "125"]

1. e4 e6 2. d4 d5 3. c4 dxe4 4. Nc3 Bb4 5. Qa4+ Nc6 6. Be3 Nf6
7. Qc2 Nxd4 8. Bxd4 Qxd4 9. Qa4+ Bd7 10. Qxb4 e3 11. fxe3 Qxe3+
12. Nge2 O-O-O 13. c5 Bc6 14. Rd1 Ne4 15. Rxd8+ Rxd8 16. Nxe4 Bxe4
17. Qc3 Qg5 18. Ng3 Qd5 19. Kf2 f6 20. b3 Bb1 21. c6 Bxa2 22. cxb7+ Qxb7
23. Bc4 Qb6+ 24. Ke2 Rd6 25. Ra1 Qb7 26. Kf1 Bxb3 27. Bxb3 Rc6
28. Bc4 Kb8 29. Nh5 e5 30. Nxg7 Qb6 31. Nf5 Qc5 32. Qb3+ Rb6 33. Qa4 a5
34. Qc2 Rb4 35. Rc1 a4 36. Qc3 c6 37. Qa3 Qb6 38. g4 Ka8 39. Nd6 Qb8
40. Ne4 h5 41. gxh5 f5 42. Nc5 e4 43. Nxa4 Qf4+ 44. Kg1 Qg4+ 45. Kh1 Qf3+
46. Qxf3 exf3 47. h6 Rb7 48. Bg8 Rb4 49. h7 Rh4 50. Rxc6 f2 51. Rc1 f4
52. Rf1 Rh6 53. Rxf2 Kb8 54. Rxf4 Kc7 55. Rf7+ Kd8 56. Nc5 Kc8
57. Rd7 Rh4 58. Be6 Kb8 59. Rb7+ Ka8 60. Rc7 Rh6 61. h8=Q+ Rxh8
62. Bd5+ Kb8 63. Na6+ 1-0

[Event "ICS Rated Blitz match, 131.246"]
[Site "ICS Rated Blitz match, 131.24"]
[Date "1997.??.??"]
[Round "?"]
[White "Brause"]
[Black "Michi"]
[Result "1-0"]
[WhiteElo "2330"]
[BlackElo "2745"]
[PlyCount "31"]

1. e4 e6 2. d4 d5 3. c4 dxe4 4. Nc3 Bb4 5. Qa4+ Nc6 6. Be3 Nf6
7. Qc2 O-O 8. O-O-O Bxc3 9. Qxc3 b6 10. Be2 Bb7 11. Nh3 h6 12. Kb1 Qe7
13. Bf4 Na5 14. Qg3 Kh8 15. Bxc7 Nxc4 16. Bxc4 1-0

[Event "ICS rated blitz match, 164.58."]
[Site "ICS rated blitz match, 164.58"]
[Date "1997.??.??"]
[Round "?"]
[White "Brause"]
[Black "Bouncer"]
[Result "1-0"]
[WhiteElo "2370"]
[BlackElo "1820"]
[PlyCount "87"]

1. e4 e6 2. d4 d5 3. c4 dxe4 4. Nc3 Nf6 5. f3 exf3 6. Nxf3 Bb4
7. Bg5 Bxc3+ 8. bxc3 h6 9. Bxf6 Qxf6 10. Bd3 O-O 11. O-O Qe7 12. Qb3 b6
13. Be4 c6 14. Ne5 Bb7 15. c5 b5 16. Rf4 f6 17. Ng6 Qe8 18. Bf5 Bc8
19. Nxf8 Kxf8 20. Re4 e5 21. Rf1 Nd7 22. Bxd7 Bxd7 23. Rxe5 Qb8
24. Re3 Qc7 25. Rfe1 Re8 26. Rxe8+ Bxe8 27. Rxe8+ Kxe8 28. Qg8+ Kd7
29. Qxg7+ Kc8 30. Qxf6 Kb7 31. Qxh6 Qe7 32. Qd2 a5 33. g3 Qf6 34. Kg2 Qe6
35. h4 Qd5+ 36. Kh2 Qf5 37. Qe2 Qb1 38. Qe7+ Ka6 39. Qe6 Qb2+ 40. Kh3 Kb7
41. d5 cxd5 42. Qd7+ Kb8 43. c6 Qxc3 44. Qb7+ 1-0

[Event "ICS Rated blitz match, 208.196"]
[Site "ICS Rated blitz match, 208.19"]
[Date "1997.??.??"]
[Round "?"]
[White "Brause"]
[Black "Puzzicat"]
[Result "1/2-1/2"]
[WhiteElo "2490"]
[BlackElo "2260"]
[PlyCount "119"]

1. e4 e6 2. d4 d5 3. c4 dxe4 4. Nc3 f5 5. Be2 Nf6 6. Nh3 c5 7. Be3 cxd4
8. Qxd4 Qxd4 9. Bxd4 Nc6 10. Bxf6 gxf6 11. Bh5+ Ke7 12. O-O Bh6
13. Nb5 Bd7 14. b3 Ne5 15. Nd4 Nd3 16. Rad1 e5 17. Ne2 Rhd8 18. Nc3 Be6
19. Be2 Rac8 20. Kh1 Rd4 21. Nb5 Rd7 22. f3 Rcd8 23. Nxa7 Ra8 24. Nb5 Rxa2
25. Bxd3 exd3 26. Nf2 d2 27. Rb1 Rc2 28. Rbd1 Be3 29. Kg1 Rb2 30. Nc3 Rxb3
31. Nd5+ Bxd5 32. cxd5 Rxd5 33. h3 b5 34. Kh2 Bxf2 35. Rxf2 Rb2
36. g3 b4 37. Re2 Rc2 38. g4 fxg4 39. f4 b3 40. fxe5 f5 41. hxg4 fxg4
42. Kg3 b2 43. Rh2 Rc1 44. Rxh7+ Ke6 45. Rxd2 b1=Q 46. Rh6+ Kxe5
47. Rh5+ Ke4 48. Rhxd5 Rg1+ 49. Kh4 Qe1+ 50. Kh5 Rh1+ 51. Kg6 Qb1
52. R2d4+ Kf3+ 53. Kg5 g3 54. Rf4+ Ke3 55. Re5+ Kd3 56. Rd5+ Kc3
57. Rc5+ Kd3 58. Rd5+ Kc3 59. Rc5+ Kd3 60. Rd5+ 1/2-1/2

[Event "ICS Rated Blitz match, 131.246"]
[Site "ICS Rated Blitz match, 131.24"]
[Date "1997.??.??"]
[Round "?"]
[White "Brause"]
[Black "PowA"]
[Result "1/2-1/2"]
[WhiteElo "2330"]
[BlackElo "1740"]
[PlyCount "223"]

1. e4 e6 2. d4 d5 3. c4 dxe4 4. Nc3 Bb4 5. f3 exf3 6. Nxf3 Nf6
7. Bg5 O-O 8. Be2 e5 9. O-O exd4 10. Nxd4 Bxc3 11. Bxf6 Bxd4+ 12. Bxd4 Nc6
13. Bc5 Qxd1 14. Raxd1 Re8 15. Rd2 b6 16. Bf3 Bb7 17. Bd5 Nd8 18. Ba3 c5
19. Bxb7 Nxb7 20. Rd7 Nd8 21. g3 a5 22. Rf4 a4 23. Kf2 f6 24. g4 h6
25. h3 Nf7 26. Rb7 Re6 27. Kg2 g6 28. Rf3 Rd8 29. Ra7 Ng5 30. Rf2 Ne4
31. Re2 f5 32. gxf5 gxf5 33. Rxa4 f4 34. h4 f3+ 35. Kxf3 Nd2+ 36. Rxd2 Rxd2
37. Kf4 h5 38. Kf5 Rh6 39. Ra8+ Kh7 40. Ra7+ Kh8 41. Kg5 Rdd6 42. b4 cxb4
43. Bxb4 Rdg6+ 44. Kf5 Kg8 45. c5 bxc5 46. Ra8+ Kg7 47. Bxc5 Rf6+
48. Ke4 Rhg6 49. Bd4 Rg4+ 50. Kd5 Rxd4+ 51. Kxd4 Rf4+ 52. Ke5 Rxh4
53. a4 Rc4 54. a5 h4 55. a6 h3 56. Rd8 Rc7 57. Rd3 h2 58. Rh3 Re7+
59. Kd5 Re2 60. a7 Ra2 61. Rxh2 Rxa7 62. Rg2+ Kf6 63. Rf2+ Ke7
64. Re2+ Kd7 65. Re3 Ra4 66. Rg3 Ke7 67. Rg6 Rb4 68. Re6+ Kd7 69. Rd6+ Ke7
70. Rc6 Kd7 71. Ra6 Ke7 72. Rh6 Ra4 73. Re6+ Kd7 74. Rd6+ Ke7 75. Rc6 Ra5+
76. Ke4 Ra3 77. Rg6 Rb3 78. Kd4 Kd7 79. Rf6 Ra3 80. Ke4 Ke7 81. Rb6 Rc3
82. Rh6 Rb3 83. Kd4 Ra3 84. Rg6 Kd7 85. Rb6 Rf3 86. Ke4 Rc3 87. Rb8 Kc7
88. Rf8 Kd6 89. Kd4 Rb3 90. Rf6+ Ke7 91. Rc6 Kd7 92. Ra6 Rf3 93. Rb6 Rg3
94. Rh6 Ke7 95. Rh8 Kf6 96. Rf8+ Ke6 97. Re8+ Kd6 98. Ke4 Kd7 99. Rh8 Kd6
100. Rh6+ Kc5 101. Rh5+ Kc4 102. Rh4 Kc3 103. Rh6 Rg5 104. Rc6+ Kd2
105. Rd6+ Ke2 106. Kf4 Rc5 107. Rd4 Rb5 108. Ke4 Ra5 109. Rb4 Kd2
110. Rc4 Rb5 111. Ra4 Kc3 112. Rd4 1/2-1/2

[Event "ICS rated blitz match, 208.196"]
[Site "ICS rated blitz match, 208.19"]
[Date "1997.??.??"]
[Round "?"]
[White "Brause"]
[Black "KnightC"]
[Result "0-1"]
[WhiteElo "2485"]
[BlackElo "2435"]
[PlyCount "178"]

1. e4 e6 2. d4 d5 3. c4 dxe4 4. Nc3 f5 5. f3 Nf6 6. Be3 Bb4 7. Qc2 exf3
8. Nxf3 O-O 9. O-O-O Ng4 10. Bg5 Be7 11. Bxe7 Qxe7 12. Re1 Nc6
13. Kb1 Nb4 14. Qd2 Bd7 15. Rg1 c5 16. dxc5 Rae8 17. Qd6 Bc6 18. Nd4 e5
19. Nxc6 Nxc6 20. h3 Nf6 21. g4 f4 22. Bg2 Qd7 23. Nb5 a5 24. Nc7 Rc8
25. Bxc6 Qxc6 26. Qxc6 bxc6 27. Ne6 Rce8 28. Rxe5 f3 29. Rf1 Nd7
30. Re4 Rf6 31. Ng5 Rxe4 32. Nxe4 Rf4 33. Nd2 f2 34. Nb3 a4 35. Nc1 Nxc5
36. Ne2 Rf6 37. Kc2 h6 38. Ng3 Rf3 39. Nf5 Ne4 40. c5 Kf8 41. a3 Nxc5
42. Nd4 Rf4 43. Nxc6 Rf6 44. Ne5 Ke7 45. h4 Ke6 46. g5 hxg5 47. hxg5 Rf4
48. Ng6 Rf7 49. Kd2 Kf5 50. Nh8 Ne4+ 51. Ke3 Rb7 52. Ng6 Rb3+ 53. Kd4 Rxb2
54. Ke3 Rb3+ 55. Kd4 Rxa3 56. Ne5 Ra2 57. Nd3 Re2 58. Ra1 Kxg5
59. Kd5 Kf5 60. Kc6 Ra2 61. Rb1 Rd2 62. Rb5+ Kf6 63. Nxf2 Nxf2
64. Ra5 Ra2 65. Ra6 g6 66. Kd5+ Kf5 67. Ra8 Ng4 68. Kd6 a3 69. Ra5+ Kf6
70. Ra6 Ra1 71. Kd5+ Kf5 72. Kd4 Ne5 73. Ra5 Rd1+ 74. Kc5 Rd3 75. Ra8 g5
76. Rf8+ Ke4 77. Rf1 a2 78. Re1+ Re3 79. Ra1 Re2 80. Kd6 Nf3 81. Kd7 Nd4
82. Rg1 Nb3 83. Rxg5 a1=Q 84. Rg4+ Kf5 85. Rc4 Qf6 86. Kc8 Re7
87. Rc7 Qa6+ 88. Kd8 Qd6+ 89. Kc8 Qxc7+ 0-1

[Event "ICS rated blitz match, 208.196"]
[Site "ICS rated blitz match, 208.19"]
[Date "1997.??.??"]
[Round "?"]
[White "Brause"]
[Black "KnightC"]
[Result "0-1"]
[WhiteElo "2425"]
[BlackElo "2460"]
[PlyCount "104"]

1. e4 e6 2. d4 d5 3. c4 dxe4 4. Nc3 f5 5. f3 Nf6 6. Bf4 Bb4 7. Qb3 Nc6
8. O-O-O Bxc3 9. Qxc3 Bd7 10. d5 exd5 11. cxd5 Ne7 12. Bxc7 Qc8
13. d6 Ng6 14. Bc4 b6 15. g4 fxg4 16. fxe4 Qb7 17. Rd4 Qc6 18. Qc2 Ne5
19. Bb3 Qxc2+ 20. Bxc2 h5 21. Ne2 Rh6 22. Kb1 Nf3 23. Rdd1 Bc6
24. Nd4 Nxd4 25. Rxd4 Nd7 26. Re1 Ne5 27. Rdd1 Kd7 28. Re2 Rf8
29. Bb3 h4 30. Kc1 g3 31. Bc2 gxh2 32. Rxh2 g5 33. Re2 g4 34. Rg2 g3
35. Rdg1 Nc4 36. Bb3 Nxd6 37. Bxd6 Kxd6 38. Re1 Ke5 39. Bc2 Rg8
40. Rf1 h3 41. Rf5+ Ke6 42. Bb3+ Ke7 43. Rd2 h2 44. Re5+ Kf6 45. Rf5+ Kg7
46. Rg5+ Rg6 47. Rh5 Rh8 48. Rhxh2 gxh2 49. Rxh2 Rxh2 50. e5 Rg1+
51. Bd1 Bf3 52. a3 Rxd1+ 0-1

[Event "ICS rated blitz match, 208.196"]
[Site "ICS rated blitz match, 208.19"]
[Date "1997.??.??"]
[Round "?"]
[White "Brause"]
[Black "AsMyKiss"]
[Result "1-0"]
[WhiteElo "2460"]
[BlackElo "1990"]
[PlyCount "87"]

1. e4 e6 2. d4 d5 3. c4 dxe4 4. Nc3 Nf6 5. f3 exf3 6. Nxf3 b6 7. Bd3 Bb7
8. O-O Be7 9. Bf4 O-O 10. Nb5 Na6 11. Qe2 c6 12. Nc3 c5 13. dxc5 Nxc5
14. Bc2 Bc6 15. Rad1 Qc8 16. Ne5 Bb7 17. Rd2 Rd8 18. Rfd1 Rxd2
19. Rxd2 Ncd7 20. Bxh7+ Kxh7 21. Rxd7 Nxd7 22. Qh5+ Kg8 23. Qxf7+ Kh7
24. Qxe7 Qc5+ 25. Qxc5 Nxc5 26. g3 Rd8 27. Kf2 Nd3+ 28. Nxd3 Rxd3
29. Ke2 Rd7 30. Ke3 Kg6 31. g4 Kf6 32. Ne4+ Ke7 33. Be5 g6 34. Nf2 a6
35. h4 b5 36. c5 b4 37. h5 gxh5 38. gxh5 Kf7 39. Ne4 Rd5 40. Kf4 Rd1
41. Nd6+ Rxd6 42. cxd6 Bd5 43. h6 Kg6 44. d7 1-0

[Event "ICS rated blitz match, 208.196"]
[Site "ICS rated blitz match, 208.19"]
[Date "1997.??.??"]
[Round "?"]
[White "Brause"]
[Black "AsMyKiss"]
[Result "1-0"]
[WhiteElo "2455"]
[BlackElo "1970"]
[PlyCount "53"]

1. e4 e6 2. d4 d5 3. c4 dxe4 4. Nc3 Nf6 5. f3 exf3 6. Nxf3 c5 7. d5 exd5
8. cxd5 Bg4 9. Bb5+ Nbd7 10. O-O Bd6 11. Qe1+ Qe7 12. Qxe7+ Kxe7
13. Bg5 a6 14. Rae1+ Kd8 15. Bxd7 Kxd7 16. Ne5+ Bxe5 17. Rxe5 Rae8
18. Bxf6 gxf6 19. Rxe8 Rxe8 20. Rxf6 Bh5 21. Kf2 b5 22. Rxa6 b4
23. Na4 Re2+ 24. Kg3 c4 25. Nc5+ Ke8 26. d6 Rd2 27. Ra8+ 1-0

[Event "ICS rated blitz match, 164.58."]
[Site "ICS rated blitz match, 164.58"]
[Date "1997.??.??"]
[Round "?"]
[White "Brause"]
[Black "toast"]
[Result "1-0"]
[WhiteElo "2385"]
[BlackElo "2545"]
[PlyCount "89"]

1. e4 e6 2. d4 d5 3. c4 dxe4 4. Nc3 Nc6 5. Be3 Bd7 6. d5 Ne5 7. Qd4 Nd3+
8. Bxd3 exd3 9. O-O-O Be7 10. Qxd3 Nf6 11. c5 Nxd5 12. Nxd5 exd5
13. Qxd5 O-O 14. Qxd7 Qxd7 15. Rxd7 Bf6 16. Rxc7 b6 17. Kb1 bxc5
18. Bxc5 Rfc8 19. Rxc8+ Rxc8 20. Bxa7 Rc7 21. Be3 Rb7 22. b3 h6
23. Nf3 Rb4 24. Rd1 g5 25. Bd4 Bxd4 26. Rxd4 Rb8 27. Kc2 Rc8+ 28. Kd3 Kg7
29. a4 Kg6 30. b4 f5 31. Rd6+ Kf7 32. Rxh6 g4 33. Ne5+ Kg7 34. Rg6+ Kh7
35. Rf6 Ra8 36. a5 Rb8 37. Nc6 Rc8 38. b5 Kg7 39. Rxf5 Kg6 40. Ne7+ Kh7
41. Nxc8 Kg6 42. Ne7+ Kh7 43. b6 g3 44. b7 gxf2 45. b8=Q 1-0

[Event "ICS rated blitz match, 208.196"]
[Site "ICS rated blitz match, 208.19"]
[Date "1997.??.??"]
[Round "?"]
[White "Brause"]
[Black "Borg"]
[Result "1-0"]
[WhiteElo "2480"]
[BlackElo "1925"]
[PlyCount "53"]

1. e4 e6 2. d4 d5 3. c4 dxe4 4. Nc3 Nf6 5. f3 exf3 6. Nxf3 Be7
7. Bd3 O-O 8. O-O c5 9. d5 exd5 10. cxd5 Bg4 11. Qb3 b6 12. Be3 Nbd7
13. Bf4 Nh5 14. Bd2 Bd6 15. Ne4 Qc7 16. Nxd6 Qxd6 17. Rae1 Rae8
18. Bc4 Ne5 19. Nxe5 Rxe5 20. Qa4 a5 21. Qc6 Qxc6 22. dxc6 Rxe1
23. Rxe1 Rc8 24. h3 Be6 25. Rxe6 fxe6 26. Bxe6+ Kf8 27. Bxc8 1-0

[Event "ICS rated blitz match, 208.196"]
[Site "ICS rated blitz match, 208.19"]
[Date "1997.??.??"]
[Round "?"]
[White "Brause"]
[Black "Smartguy"]
[Result "1-0"]
[WhiteElo "2580"]
[BlackElo "1910"]
[PlyCount "41"]

1. e4 e6 2. d4 d5 3. c4 dxe4 4. Nc3 Nc6 5. Be3 Nf6 6. f3 exf3 7. Nxf3 Bb4
8. Be2 Ne4 9. Qb3 Qe7 10. O-O Nxc3 11. bxc3 Ba5 12. Bc1 O-O 13. Ba3 Qe8
14. Bxf8 Qxf8 15. Ng5 h6 16. Nxf7 Qe7 17. Bd3 Bd7 18. Qc2 Qh4 19. Bh7+ Kf8
20. Ne5+ Ke7 21. Ng6+ 1-0

[Event "ICS Rated blitz match, 208.196"]
[Site "ICS Rated blitz match, 208.19"]
[Date "1997.??.??"]
[Round "?"]
[White "Brause"]
[Black "Gurz"]
[Result "1-0"]
[WhiteElo "2615"]
[BlackElo "1955"]
[PlyCount "59"]

1. e4 e6 2. d4 d5 3. c4 dxe4 4. Nc3 Bb4 5. Be3 Nf6 6. Qc2 O-O 7. O-O-O a5
8. Nxe4 Nbd7 9. Bd3 a4 10. Kb1 a3 11. Bg5 Be7 12. Nxf6+ Nxf6 13. Bxf6 Bxf6
14. Bxh7+ Kh8 15. Be4 axb2 16. Qxb2 c5 17. Qb3 g6 18. dxc5 Qa5
19. Nf3 Qxc5 20. Rhf1 Ra6 21. Kc1 Rb6 22. Qd3 Qb4 23. Rd2 Rd8 24. Qb3 Qc5
25. Rxd8+ Bxd8 26. Qc3+ Kg8 27. Rd1 Be7 28. Rd2 Qc7 29. Rc2 Bb4
30. Qb3 1-0